000 01054nam a22002537a 4500
008 081211t xxu||||| |||| 00| 0 eng d
010 _aENG-92117
020 _a9788178299006
_c695.00
035 _aEN-75650
037 _bDBAD / PUB
040 _adpl
_bEnglish
082 _a305.420954
245 _aDisplaced by development:
_cedited by Lyla Mehta
_bconfronting marginalisation and gender injustice /
260 _aNew Delhi
_bSage Publications
_c2009
270 _aB1/I-1, Mohan Cooperative Industrial Area Mathura Road,
_bNew Delhi
_e110044
300 _axliii, 309p.
_c22cm (Hb)
500 _aIncludes bibliographical references and index.
650 _aEconomic development
_zIndia
650 _aMarginality, Social
_zIndia
650 _aWomen
_zIndia
_xSocial conditions.
700 _aMehta, Lyla
942 _2ddc
_cEN
_h305.420954
_mDIS
999 _c19675
_d19675